Indian economy on crossroads / (Record no. 125370)

MARC details
000 -LEADER
fixed length control field 00710nam a22002417a 4500
005 - DATE AND TIME OF LATEST TRANSACTION
control field 20170124105952.0
010 ## - LIBRARY OF CONGRESS CONTROL NUMBER
LC control number A-997028
020 ## - INTERNATIONAL STANDARD BOOK NUMBER
Terms of availability 00.00
International Standard Book Number 8186803327
035 #h - SYSTEM CONTROL NUMBER
System control number A-997028
037 ## - SOURCE OF ACQUISITION
Source of stock number/acquisition Cen Lib/Ret
040 ## - CATALOGING SOURCE
Original cataloging agency DPL
Language of cataloging EN
082 ## - DEWEY DECIMAL CLASSIFICATION NUMBER
Classification number 338.954
Item number PAN
100 ## - MAIN ENTRY--PERSONAL NAME
Personal name Panagariya, B. L.
9 (RLIN) 73516
245 ## - TITLE STATEMENT
Title Indian economy on crossroads /
Statement of responsibility, etc by B. L. Panagariya
246 ## - VARYING FORM OF TITLE
Remainder of title
260 ## - PUBLICATION, DISTRIBUTION, ETC. (IMPRINT)
Name of publisher, distributor, etc National Publishing House
Date of publication, distribution, etc 1999
Place of publication, distribution, etc Jaipur
270 ## - ADDRESS
City Jaipur
Address 227, Choura Rasta
Postal code 302003
300 ## - PHYSICAL DESCRIPTION
Extent vii,371p.
Dimensions 21cm(Hb)
500 ## - GENERAL NOTE
General note Includes index<br/>
650 ## - SUBJECT ADDED ENTRY--TOPICAL TERM
Topical term or geographic name as entry element India -- Economic policy
9 (RLIN) 8390
650 ## - SUBJECT ADDED ENTRY--TOPICAL TERM
Topical term or geographic name as entry element India -- Economic conditions
9 (RLIN) 73517
942 ## - ADDED ENTRY ELEMENTS (KOHA)
Source of classification or shelving scheme Dewey Decimal Classification
Koha item type English Books
Classification part 338.954
Call number suffix PAN
Holdings
Withdrawn status Lost status Damaged status Not for loan Home library Current library Date acquired Source of acquisition Cost, normal purchase price Total Checkouts Full call number Barcode Date last seen Copy number Cost, replacement price Price effective from Koha item type Public note
Written off       Central Library Central Library 20/06/2015 Cen Lib/Ret 0.00   338.954 PAN A-997028 20/06/2015 1 0.00 20/06/2015 English Books Written off on approval by DLB (By Circulation); dtd 15-06-2023

© Delhi Public Library
Hit Counter
free hit counter